000
00349nam a2200133Ia 4500
003
GCL
008
140319s9999 xx 000 0 ara d
040
_a
GCL /
_c
GCL
082
0
4
_a
813.03
_b
ج ك
245
1
0
_a
كتاب التجليات, السفر الثالث
260
_a
[S.N] :
_b
دار المستقبل ،
_c
1986
300
_a
291 ص
490
_a
999
_c
54948
_d
54948